Fundamentals of investment banking

Gespeichert in:
Bibliographische Detailangaben
Format: Buch
Sprache:Undetermined
Veröffentlicht: New York Prentice-Hall 1949
Schlagworte:
Tags: Tag hinzufügen
Keine Tags, Fügen Sie den ersten Tag hinzu!
Thư viện lưu trữ: Trung tâm Học liệu Trường Đại học Cần Thơ
LEADER 00443nam a2200169Ia 4500
001 CTU_89183
008 210402s9999 xx 000 0 und d
082 |a 332.66 
082 |b F981 
245 0 |a Fundamentals of investment banking 
260 |a New York 
260 |b Prentice-Hall 
260 |c 1949 
650 |a Investment banking 
650 |z United states 
904 |i M.Loan 
980 |a Trung tâm Học liệu Trường Đại học Cần Thơ